000 02265nam a2200337 i 4500
003 DO-SdBNP
005 20250724104936.0
007 ta
008 220608e2022 dr ||||gr|||| 001 edspa d
020 _a9789945610543
040 _aDO-SdBNP
_bspa
_cBNPHU
_erda
041 _aspa
082 4 _axxx
_bV422h
_222
100 1 _aVega B., Wenceslao,
_d1932-
_eautor
_4aut.
_938670
245 1 0 _aHistoria constitucional dominicana /
_cWenceslao Vega B ; edición, Leonor Tejeda ; corrección, Eduardo Díaz Guerra
264 1 _aSanto Domingo :
_bTribunal Constitucional de la República Dominicana,
_c2022.
300 _a533 páginas ;
_c23 cm.
336 _atexto
_btxt
_2rdacontent
337 _asin mediación
_bn
_2rdamedia
338 _avolumen
_bnc
_2rdacarrier
500 _aIncluye datos biográficos del autor en la solapa de la cubierta.
504 _aBibliografía : páginas 525- 533
505 0 _aPresentación del magistrado presidente del Tribunal Constitucional de la República Dominicana. /
_rDr. Milton Ray Guevara.
505 0 _aIntroducción--
_gParte I--
_tEl constitucionalismo en la historia--
_gParte II--
_tLas Constituciones impuestas 1801, 1805, 1812, 1816 y 1843--
_gParte III.
_tEl proyecto de Constitución de Juan Pablo Duarte--
_gParte IV--
_tLa primera Constitución dominicana. San Cristóbal, 6 de noviembre de 1844--
_gParte V--
_tOtras constituciones de la Primera República 1844-1861---
_gParte VI.
_tLas constituciones de la Segunda República 1865- 1896--
_gParte VII--
_tLas constituciones de principio de siglo XX 1907 - 1929--
_gParte VII--
_tLas constituciones en el período de la dictadura de Trujillo 1930 - 1961--
_gParte IX--
_tLas constituciones del período de transición a la democracia 1962-1966--
_gParte X--
_tLas constituciones modernas 1994 y 2002--
_gParte XI--
_tLa constitución de la Consulta Popular del 26 de enero de 2010--
_gParte XII--
_tLa Constitución vigente del 13 de junio de 2015--
_gParte XIII--
_tLa Jurisdicción y la doctrina constitucional dominicana.
590 _aInventariado 2022 / MF
650 4 _95439
_aHistoria onstitucional
_zRepública Dominicana
700 1 _aTejeda, Leonor ,
_eeditor
_4ed.
_981038
700 1 _aDíaz Guerra, Eduardo,
_ecorrector
_4corr.
_96661
910 _aMFeliz
942 _2ddc
_cLBS1
999 _c51960
_d51960